| 000 | 01777nam0a2200349 4500 | ||
|---|---|---|---|
| 001 | RU\NLR\bibl\308962 | ||
| 005 | 20260407075954.0 | ||
| 010 |
_a5-7271-0555-2 _9110 |
||
| 021 |
_aRU _b2002-26045 _91295 |
||
| 035 | _a(NLR Aleph) 000304104 | ||
| 090 |
_a9264 _c9264 |
||
| 100 | _a20020911d2002 |||y0rusy50 ca | ||
| 101 | 0 | _arus | |
| 102 | _aRU | ||
| 105 | _ay ||||||||| | ||
| 200 | 1 |
_aОсуществление контроля за использованием государственной собственности _eМатериалы семинара работников контрол.-счет. палат, входящих в Урал. федер. округ, Челябинск, 27-29 сент. 2001 г. |
|
| 210 |
_aЧелябинск _cЧеляб. гос. ун-т _d2002 |
||
| 215 |
_a75 с. _d21 |
||
| 300 | _aВ надзаг.: Рос. Федерация, Контрол.-счет. палата Челяб. обл. | ||
| 606 | 0 |
_aГосударственная собственность _jСъезды, совещания и т.п. _xУправление _yЧелябинская область _92263333 _3RU\NLR\auth\661356912 |
|
| 610 | 0 | _aГосударственная собственность - Управление | |
| 675 |
_a347.218.2(082) _v3 _zrus |
||
| 686 |
_a67.404.1 _2rubbk |
||
| 686 | _aУ052.9(2)244.12я431 | ||
| 686 | _aУ9(2)-571.1-07я431 | ||
| 711 | 1 | 2 |
_aСеминар работников контрольно-счетных палат, входящих в Уральский федеральный округ _f2001 _eЧелябинск _3RU\NLR\AUTH\8810040254 _9579584 |
| 801 | 0 |
_aRU _bRKP _c20020911 _gPSBO |
|
| 801 | 1 |
_aRU _bRKP _c20020911 |
|
| 801 | 2 |
_aRU _bNLR _c20021125 _grcr |
|
| 942 | _cBOOK | ||
| 980 | _aNB | ||